[Event "Girls U12 Polish Youth Championship"]
[Site "chess24.com"]
[Date "2018.05.01"]
[Round "4"]
[White "Skolska, Emilia"]
[Black "Olszewska, Wiktoria"]
[Result "0-1"]
[Board "20"]
[WhiteElo "1211"]
[WhiteCountry "POL"]
[WhiteFideId "21883645"]
[WhiteEloChange "-13"]
[BlackElo "1117"]
[BlackCountry "POL"]
[BlackFideId "21836485"]
[BlackEloChange "13"]

1. e4 {[%clk 1:30:30]} c5 {[%clk 1:30:49]} 2. Nf3 {[%clk 1:31:22]} d6 {[%clk
1:30:43]} 3. d4 {[%clk 1:31:29]} cxd4 {[%clk 1:30:59]} 4. Nxd4 {[%clk 1:31:49]}
Nf6 {[%clk 1:31:13]} 5. Nc3 {[%clk 1:31:57]} a6 {[%clk 1:31:27]} 6. Bg5 {[%clk
1:32:15]} e6 {[%clk 1:25:58]} 7. f4 {[%clk 1:28:21]} h6 {[%clk 1:21:07]} 8. Bh4
{[%clk 1:27:10]} Be7 {[%clk 1:19:45]} 9. Qf3 {[%clk 1:27:10]} Qb6 {[%clk
1:19:45]} 10. O-O-O {[%clk 1:23:11]} Nbd7 {[%clk 1:13:43]} 11. Nb3 {[%clk
1:19:15]} Qc7 {[%clk 1:13:20]} 12. Bd3 {[%clk 1:18:51]} b5 {[%clk 1:12:21]} 13.
Bxf6 {[%clk 1:19:12]} Bxf6 {[%clk 1:11:19]} 14. Ne2 {[%clk 1:13:27]} Bb7 {[%clk
1:09:53]} 15. Rhe1 {[%clk 1:13:27]} Nc5 {[%clk 1:08:20]} 16. g4 {[%clk 1:06:30]}
Na4 {[%clk 1:05:15]} 17. c3 {[%clk 1:01:52]} b4 {[%clk 1:03:09]} 18. Kb1 {[%clk
0:50:07]} bxc3 {[%clk 0:55:39]} 19. bxc3 {[%clk 0:49:04]} Qb6 {[%clk 0:52:35]}
20. Bc2 {[%clk 0:47:42]} Rc8 {[%clk 0:47:21]} 21. Rd3 {[%clk 0:38:35]} Nc5 {[%clk
0:41:36]} 22. Rd2 {[%clk 0:37:41]} a5 {[%clk 0:36:12]} 23. Kc1 {[%clk 0:34:52]}
Na4 {[%clk 0:33:55]} 24. Rd3 {[%clk 0:31:37]} Ba6 {[%clk 0:33:18]} 25. Rdd1
{[%clk 0:30:29]} Bxe2 {[%clk 0:32:43]} 26. Qxe2 {[%clk 0:27:12]} Nxc3 {[%clk
0:32:27]} 27. Qd2 {[%clk 0:27:01]} Nxa2+ {[%clk 0:30:39]} 28. Kb1 {[%clk
0:27:08]} Nc3+ {[%clk 0:30:39]} 29. Kc1 {[%clk 0:27:18]} Nxd1 {[%clk 0:29:38]}
30. Rxd1 {[%clk 0:27:37]} a4 {[%clk 0:28:24]} 31. Nd4 {[%clk 0:25:36]} e5 {[%clk
0:27:37]} 32. Nf5 {[%clk 0:21:42]} exf4 {[%clk 0:22:40]} 33. Nxd6+ {[%clk
0:21:08]} Kf8 {[%clk 0:22:49]} 34. Qd5 {[%clk 0:19:43]} Qb2+ {[%clk 0:22:03]} 0-1

[Event "Girls U12 Polish Youth Championship"]
[Site "chess24.com"]
[Date "2018.05.01"]
[Round "4"]
[White "Tim, Anna"]
[Black "Golinska, Patrycja"]
[Result "1-0"]
[Board "21"]
[WhiteElo "1189"]
[WhiteCountry "POL"]
[WhiteFideId "21861633"]
[WhiteEloChange "6"]
[BlackElo "1056"]
[BlackCountry "POL"]
[BlackFideId "21836744"]
[BlackEloChange "-6"]

1. d4 {[%clk 1:30:53]} Nf6 {[%clk 1:30:53]} 2. c4 {[%clk 1:31:16]} e6 {[%clk
1:31:11]} 3. Nf3 {[%clk 1:30:31]} Be7 {[%clk 1:26:40]} 4. e3 {[%clk 1:29:18]} O-O
{[%clk 1:26:32]} 5. Bd3 {[%clk 1:26:35]} b6 {[%clk 1:26:35]} 6. O-O {[%clk
1:24:50]} Bb7 {[%clk 1:26:24]} 7. Nc3 {[%clk 1:23:01]} d6 {[%clk 1:23:26]} 8. Qc2
{[%clk 1:22:29]} Bxf3 {[%clk 1:23:23]} 9. gxf3 {[%clk 1:22:20]} h6 {[%clk
1:23:00]} 10. Kh1 {[%clk 1:19:16]} e5 {[%clk 1:22:21]} 11. Rg1 {[%clk 1:19:08]}
Nh5 {[%clk 1:21:33]} 12. e4 {[%clk 1:17:15]} Bg5 {[%clk 1:19:54]} 13. Bxg5 {[%clk
1:16:05]} hxg5 {[%clk 1:20:12]} 14. dxe5 {[%clk 1:15:28]} dxe5 {[%clk 1:20:11]}
15. Qd2 {[%clk 1:10:58]} Nf4 {[%clk 1:20:09]} 16. Rad1 {[%clk 1:10:46]} Qf6
{[%clk 1:20:12]} 17. Nd5 {[%clk 1:10:06]} Qd6 {[%clk 1:19:28]} 18. Rxg5 {[%clk
1:06:26]} Qh6 {[%clk 1:16:44]} 19. Rdg1 {[%clk 1:02:21]} Ne6 {[%clk 1:15:32]} 20.
Rxg7+ {[%clk 0:56:42]} Qxg7 {[%clk 1:14:56]} 21. Qh6 {[%clk 0:56:56]} Rd8 {[%clk
1:09:42]} 22. Rxg7+ {[%clk 0:56:10]} Nxg7 {[%clk 1:09:28]} 23. Nxc7 {[%clk
0:55:45]} Rxd3 {[%clk 1:05:42]} 24. Nxa8 {[%clk 0:55:49]} Ne6 {[%clk 1:04:09]}
25. Kg2 {[%clk 0:46:38]} Nf4+ {[%clk 1:03:39]} 26. Kg3 {[%clk 0:46:00]} Nd7
{[%clk 1:03:04]} 27. Nc7 {[%clk 0:45:34]} Ne2+ {[%clk 1:02:00]} 28. Kg4 {[%clk
0:45:09]} Nf8 {[%clk 0:55:19]} 29. Nd5 {[%clk 0:44:58]} f5+ {[%clk 0:53:21]} 30.
Kh5 {[%clk 0:35:23]} Nf4+ {[%clk 0:51:52]} 31. Nxf4 {[%clk 0:35:22]} exf4 {[%clk
0:52:08]} 32. Qxf4 {[%clk 0:35:28]} Ne6 {[%clk 0:52:03]} 33. Qe5 {[%clk 0:34:26]}
Nf8 {[%clk 0:49:20]} 34. Qxf5 {[%clk 0:32:35]} Rd7 {[%clk 0:49:16]} 35. e5 {[%clk
0:30:16]} Rh7+ {[%clk 0:49:11]} 36. Kg4 {[%clk 0:30:05]} Rg7+ {[%clk 0:49:19]}
37. Kh3 {[%clk 0:30:28]} Rf7 {[%clk 0:48:28]} 38. Qe4 {[%clk 0:29:29]} Ne6 {[%clk
0:47:36]} 39. Qg4+ {[%clk 0:28:35]} Ng7 {[%clk 0:47:36]} 40. f4 {[%clk 0:28:35]}
Kf8 {[%clk 0:46:01]} 41. e6 {[%clk 0:26:30]} Re7 {[%clk 0:46:02]} 42. f5 {[%clk
0:26:19]} Ne8 {[%clk 0:44:11]} 43. Qd4 {[%clk 0:24:21]} Rh7+ {[%clk 0:43:46]} 44.
Kg3 {[%clk 0:23:47]} Rg7+ {[%clk 0:43:48]} 45. Kf4 {[%clk 0:23:46]} Rh7 {[%clk
0:43:55]} 46. Qd7 {[%clk 0:23:43]} Re7 {[%clk 0:42:33]} 47. Ke5 {[%clk 0:22:49]}
Rxd7 {[%clk 0:41:37]} 48. exd7 {[%clk 0:22:58]} Ke7 {[%clk 0:41:31]} 49. dxe8Q+
{[%clk 0:23:15]} Kxe8 {[%clk 0:41:53]} 50. Ke6 {[%clk 0:23:31]} a6 {[%clk
0:42:11]} 51. h4 {[%clk 0:23:34]} Kf8 {[%clk 0:42:25]} 52. f6 {[%clk 0:23:52]} b5
{[%clk 0:42:14]} 53. cxb5 {[%clk 0:24:07]} axb5 {[%clk 0:42:38]} 54. f7 {[%clk
0:24:30]} b4 {[%clk 0:42:55]} 55. a4 {[%clk 0:24:36]} Kg7 {[%clk 0:43:04]} 56.
Ke7 {[%clk 0:24:57]} Kg6 {[%clk 0:43:30]} 57. f8Q {[%clk 0:24:58]} Kh5 {[%clk
0:43:46]} 58. Qg7 {[%clk 0:25:04]} b3 {[%clk 0:44:00]} 59. Qg5# {[%clk 0:25:23]}
1-0

[Event "Girls U12 Polish Youth Championship"]
[Site "chess24.com"]
[Date "2018.05.01"]
[Round "4"]
[White "Wichura, Sara"]
[Black "Sivickis, Kornelia"]
[Result "1-0"]
[Board "22"]
[WhiteElo "1179"]
[WhiteCountry "POL"]
[WhiteFideId "21816670"]
[WhiteEloChange "6"]
[BlackElo "1026"]
[BlackCountry "POL"]
[BlackFideId "21836531"]
[BlackEloChange "-6"]

1. e4 {[%clk 1:30:59]} c5 {[%clk 1:30:53]} 2. Nf3 {[%clk 1:31:21]} d6 {[%clk
1:31:18]} 3. d4 {[%clk 1:31:22]} cxd4 {[%clk 1:31:27]} 4. Nxd4 {[%clk 1:31:43]}
Nf6 {[%clk 1:31:47]} 5. Nc3 {[%clk 1:32:01]} g6 {[%clk 1:31:34]} 6. Bg5 {[%clk
1:30:18]} Bg7 {[%clk 1:29:38]} 7. h3 {[%clk 1:30:15]} a6 {[%clk 1:26:14]} 8. Be2
{[%clk 1:28:13]} Bd7 {[%clk 1:23:08]} 9. O-O {[%clk 1:27:50]} O-O {[%clk
1:23:32]} 10. Qd2 {[%clk 1:24:40]} Nc6 {[%clk 1:22:33]} 11. Nf3 {[%clk 1:24:40]}
Rc8 {[%clk 1:19:13]} 12. Bh6 {[%clk 1:20:30]} Re8 {[%clk 1:12:34]} 13. Bxg7
{[%clk 1:20:16]} Kxg7 {[%clk 1:12:46]} 14. a3 {[%clk 1:20:20]} Qc7 {[%clk
1:09:22]} 15. Rfd1 {[%clk 1:08:08]} Rcd8 {[%clk 1:08:20]} 16. Nd5 {[%clk
1:05:00]} Qc8 {[%clk 0:52:13]} 17. Nxf6 {[%clk 0:53:06]} exf6 {[%clk 0:46:45]}
18. Bd3 {[%clk 0:48:11]} Ne5 {[%clk 0:42:51]} 19. Nxe5 {[%clk 0:30:08]} Rxe5
{[%clk 0:38:58]} 20. f4 {[%clk 0:27:45]} Rh5 {[%clk 0:29:26]} 21. Bf1 {[%clk
0:27:14]} Bc6 {[%clk 0:21:38]} 22. g4 {[%clk 0:09:11]} Rh6 {[%clk 0:15:46]} 23.
Qd4 {[%clk 0:06:02]} Rh4 {[%clk 0:04:25]} 24. e5 {[%clk 0:05:24]} Qe6 {[%clk
0:04:11]} 25. exd6 {[%clk 0:04:29]} Rd7 {[%clk 0:03:29]} 26. g5 {[%clk 0:01:37]}
Rh5 {[%clk 0:03:12]} 27. Qxf6+ {[%clk 0:01:58]} Qxf6 {[%clk 0:02:53]} 28. gxf6+
{[%clk 0:02:27]} Kxf6 {[%clk 0:03:22]} 29. Be2 {[%clk 0:02:35]} Rxh3 {[%clk
0:02:32]} 30. Bg4 {[%clk 0:02:45]} Rh1+ {[%clk 0:02:54]} 31. Kf2 {[%clk 0:03:04]}
Rxd1 {[%clk 0:03:00]} 32. Rxd1 {[%clk 0:03:32]} Rd8 {[%clk 0:03:22]} 33. c4
{[%clk 0:03:37]} b6 {[%clk 0:03:42]} 34. b4 {[%clk 0:04:01]} h5 {[%clk 0:03:21]}
35. Bh3 {[%clk 0:04:29]} g5 {[%clk 0:03:10]} 36. fxg5+ {[%clk 0:04:56]} Kxg5
{[%clk 0:03:29]} 37. c5 {[%clk 0:05:03]} bxc5 {[%clk 0:03:53]} 38. bxc5 {[%clk
0:05:31]} Kf4 {[%clk 0:04:01]} 39. Rd4+ {[%clk 0:05:44]} Kg5 {[%clk 0:04:05]} 40.
Kg3 {[%clk 0:05:49]} f6 {[%clk 0:04:01]} 41. Rf4 {[%clk 0:05:53]} Kg6 {[%clk
0:04:04]} 42. Bf5+ {[%clk 0:05:44]} Kg7 {[%clk 0:03:48]} 43. Kh4 {[%clk 0:06:00]}
Kf7 {[%clk 0:03:12]} 44. Rf2 {[%clk 0:06:12]} a5 {[%clk 0:02:41]} 45. Re2 {[%clk
0:06:19]} Kf8 {[%clk 0:02:10]} 46. Re7 {[%clk 0:06:23]} a4 {[%clk 0:02:16]} 47.
Rc7 {[%clk 0:06:42]} Bb5 {[%clk 0:02:22]} 48. d7 {[%clk 0:06:52]} Ke7 {[%clk
0:02:12]} 49. c6 {[%clk 0:06:42]} Ba6 {[%clk 0:02:03]} 50. Rc8 {[%clk 0:04:55]}
Bxc8 {[%clk 0:01:37]} 51. dxc8Q {[%clk 0:05:18]} Rxc8 {[%clk 0:02:00]} 52. Bxc8
{[%clk 0:05:41]} Kd6 {[%clk 0:02:09]} 53. Bd7 {[%clk 0:06:05]} Kc7 {[%clk
0:01:51]} 54. Kxh5 {[%clk 0:06:27]} f5 {[%clk 0:02:10]} 55. Kg5 {[%clk 0:06:51]}
f4 {[%clk 0:02:21]} 56. Kxf4 {[%clk 0:07:17]} Kd6 {[%clk 0:02:08]} 57. Ke4 {[%clk
0:07:38]} Kc7 {[%clk 0:02:06]} 58. Kd5 {[%clk 0:08:01]} Kd8 {[%clk 0:02:14]} 59.
Kc5 {[%clk 0:08:22]} Kc7 {[%clk 0:02:27]} 60. Kb5 {[%clk 0:08:48]} Kb8 {[%clk
0:02:38]} 61. Kxa4 {[%clk 0:09:11]} Kc7 {[%clk 0:02:52]} 62. Kb5 {[%clk 0:09:04]}
Kb8 {[%clk 0:03:01]} 63. Bh3 {[%clk 0:09:24]} Kc7 {[%clk 0:02:57]} 64. Bg2 {[%clk
0:09:33]} Kb8 {[%clk 0:02:54]} 65. Kb6 {[%clk 0:09:40]} Kc8 {[%clk 0:03:01]} 66.
Bh3+ {[%clk 0:10:07]} Kb8 {[%clk 0:03:10]} 67. c7+ {[%clk 0:10:26]} 1-0

[Event "Girls U12 Polish Youth Championship"]
[Site "chess24.com"]
[Date "2018.05.01"]
[Round "4"]
[White "Wiecek, Karolina"]
[Black "Sobieraj, Wiktoria"]
[Result "1-0"]
[Board "23"]
[WhiteElo "1221"]
[WhiteCountry "POL"]
[WhiteFideId "1198440"]
[WhiteEloChange "7"]
[BlackElo "1130"]
[BlackCountry "POL"]
[BlackFideId "21839107"]
[BlackEloChange "-7"]

1. e4 {[%clk 1:30:57]} c5 {[%clk 1:30:54]} 2. c3 {[%clk 1:31:22]} d5 {[%clk
1:31:19]} 3. exd5 {[%clk 1:31:10]} Qxd5 {[%clk 1:31:43]} 4. d4 {[%clk 1:30:16]}
cxd4 {[%clk 1:29:41]} 5. cxd4 {[%clk 1:29:53]} Nc6 {[%clk 1:29:07]} 6. Nf3 {[%clk
1:28:41]} Bg4 {[%clk 1:28:36]} 7. Nc3 {[%clk 1:24:10]} Qd7 {[%clk 1:25:35]} 8. d5
{[%clk 1:22:02]} Bxf3 {[%clk 1:21:38]} 9. gxf3 {[%clk 1:16:58]} Nb8 {[%clk
1:15:54]} 10. Bb5 {[%clk 1:17:05]} Nc6 {[%clk 1:15:52]} 11. dxc6 {[%clk 1:17:02]}
bxc6 {[%clk 1:13:08]} 12. Qxd7+ {[%clk 1:15:32]} Kxd7 {[%clk 1:12:18]} 13. Bc4
{[%clk 1:14:38]} e6 {[%clk 1:12:17]} 14. Bd2 {[%clk 1:14:52]} Bc5 {[%clk
1:12:08]} 15. O-O-O {[%clk 1:14:07]} Kc7 {[%clk 1:11:42]} 16. Be3 {[%clk
1:13:59]} Be7 {[%clk 1:11:06]} 17. Bd4 {[%clk 1:13:15]} Nf6 {[%clk 1:10:28]} 18.
Be5+ {[%clk 1:13:00]} Kb6 {[%clk 1:09:53]} 19. Ne4 {[%clk 1:10:39]} Nh5 {[%clk
1:09:08]} 20. Rd7 {[%clk 1:09:00]} Rhe8 {[%clk 1:07:41]} 21. Bc7+ {[%clk
1:07:21]} Kb7 {[%clk 1:07:27]} 22. Bd6+ {[%clk 1:06:51]} Kc8 {[%clk 1:07:17]} 23.
Rxe7 {[%clk 1:06:44]} Rxe7 {[%clk 1:07:35]} 24. Bxe7 {[%clk 1:07:06]} Kd7 {[%clk
1:07:53]} 25. Ba3 {[%clk 1:07:26]} Kc7 {[%clk 1:08:07]} 26. Bd6+ {[%clk 1:07:30]}
Kb6 {[%clk 1:08:15]} 27. Ng3 {[%clk 1:07:24]} Nxg3 {[%clk 1:08:23]} 28. fxg3
{[%clk 1:07:48]} Rd8 {[%clk 1:08:46]} 29. Rd1 {[%clk 1:08:09]} Rc8 {[%clk
1:08:46]} 30. Be5 {[%clk 1:08:06]} Kc5 {[%clk 1:09:01]} 31. Bb3 {[%clk 1:08:26]}
g6 {[%clk 1:09:11]} 32. Rd7 {[%clk 1:08:38]} Rf8 {[%clk 1:09:27]} 33. Bd6+ {[%clk
1:09:07]} 1-0

[Event "Girls U12 Polish Youth Championship"]
[Site "chess24.com"]
[Date "2018.05.01"]
[Round "4"]
[White "Szewczuk, Aleksandra"]
[Black "Karys, Katarzyna"]
[Result "1-0"]
[Board "24"]
[WhiteElo "1178"]
[WhiteCountry "POL"]
[WhiteFideId "21861625"]
[WhiteEloChange "7"]
[BlackElo "1084"]
[BlackCountry "POL"]
[BlackFideId "21834253"]
[BlackEloChange "-7"]

1. e4 {[%clk 1:30:58]} e5 {[%clk 1:30:53]} 2. Nf3 {[%clk 1:31:02]} Nc6 {[%clk
1:30:54]} 3. Bb5 {[%clk 1:31:06]} a6 {[%clk 1:31:00]} 4. Ba4 {[%clk 1:31:25]} b5
{[%clk 1:31:11]} 5. Bb3 {[%clk 1:31:40]} Nf6 {[%clk 1:30:56]} 6. d3 {[%clk
1:31:56]} h6 {[%clk 1:31:09]} 7. c3 {[%clk 1:31:50]} d5 {[%clk 1:30:24]} 8. exd5
{[%clk 1:31:07]} Nxd5 {[%clk 1:30:44]} 9. O-O {[%clk 1:30:48]} Bg4 {[%clk
1:29:56]} 10. Nbd2 {[%clk 1:29:31]} Bc5 {[%clk 1:25:02]} 11. Re1 {[%clk 1:27:56]}
O-O {[%clk 1:23:40]} 12. Ne4 {[%clk 1:27:01]} Bb6 {[%clk 1:22:20]} 13. Ng3 {[%clk
1:25:49]} Na5 {[%clk 1:19:52]} 14. Bc2 {[%clk 1:24:08]} Re8 {[%clk 1:08:02]} 15.
h3 {[%clk 1:22:21]} Bxf3 {[%clk 1:05:37]} 16. Qxf3 {[%clk 1:21:53]} Qf6 {[%clk
1:04:45]} 17. Qxf6 {[%clk 1:19:51]} Nxf6 {[%clk 1:04:52]} 18. Be3 {[%clk
1:18:38]} Rab8 {[%clk 1:03:51]} 19. Re2 {[%clk 1:18:01]} Nd5 {[%clk 1:03:35]} 20.
Nf5 {[%clk 1:14:56]} Nc6 {[%clk 1:00:14]} 21. Rae1 {[%clk 1:13:55]} g6 {[%clk
0:57:01]} 22. Nxh6+ {[%clk 1:13:09]} Kg7 {[%clk 0:56:58]} 23. Ng4 {[%clk
1:11:56]} Nxe3 {[%clk 0:54:22]} 24. Nxe3 {[%clk 1:12:18]} f5 {[%clk 0:53:52]} 25.
Nd5 {[%clk 1:11:51]} Kf7 {[%clk 0:52:03]} 26. Nxb6 {[%clk 1:11:12]} Rxb6 {[%clk
0:51:57]} 27. Bb3+ {[%clk 1:10:07]} Kg7 {[%clk 0:51:58]} 28. Bd5 {[%clk 1:10:06]}
Kf6 {[%clk 0:50:41]} 29. d4 {[%clk 1:08:29]} e4 {[%clk 0:50:57]} 30. f3 {[%clk
1:07:48]} Ne7 {[%clk 0:47:53]} 31. fxe4 {[%clk 1:08:03]} Nxd5 {[%clk 0:47:45]}
32. exd5 {[%clk 1:08:22]} Rxe2 {[%clk 0:47:39]} 33. Rxe2 {[%clk 1:08:45]} Rd6
{[%clk 0:46:49]} 34. Re5 {[%clk 1:07:07]} Rd7 {[%clk 0:46:02]} 35. Kf2 {[%clk
1:06:34]} Re7 {[%clk 0:46:11]} 36. Rxe7 {[%clk 1:06:30]} Kxe7 {[%clk 0:46:36]}
37. b3 {[%clk 1:04:18]} Kd6 {[%clk 0:46:11]} 38. c4 {[%clk 1:04:31]} bxc4 {[%clk
0:46:11]} 39. bxc4 {[%clk 1:04:31]} a5 {[%clk 0:45:59]} 40. Ke3 {[%clk 1:04:23]}
a4 {[%clk 0:46:13]} 41. a3 {[%clk 1:04:44]} Ke7 {[%clk 0:46:29]} 42. Kf4 {[%clk
1:03:41]} Kf6 {[%clk 0:46:36]} 43. h4 {[%clk 1:03:42]} Kf7 {[%clk 0:46:32]} 44.
c5 {[%clk 1:02:57]} Kf6 {[%clk 0:46:27]} 45. g3 {[%clk 1:03:07]} Kf7 {[%clk
0:46:22]} 46. Kg5 {[%clk 1:02:32]} Kg7 {[%clk 0:46:39]} 47. d6 {[%clk 1:02:40]}
cxd6 {[%clk 0:47:01]} 48. cxd6 {[%clk 1:03:03]} Kf7 {[%clk 0:47:22]} 49. d5
{[%clk 1:03:18]} Ke8 {[%clk 0:47:29]} 50. Kxg6 {[%clk 1:03:41]} Kd7 {[%clk
0:47:39]} 51. Kxf5 {[%clk 1:03:42]} Kxd6 {[%clk 0:47:58]} 52. h5 {[%clk 1:03:34]}
Kxd5 {[%clk 0:48:17]} 1-0

[Event "Girls U12 Polish Youth Championship"]
[Site "chess24.com"]
[Date "2018.05.01"]
[Round "4"]
[White "Brelinska, Matylda"]
[Black "Ziegert, Krystyna"]
[Result "1-0"]
[Board "26"]
[WhiteElo "1051"]
[WhiteCountry "POL"]
[WhiteFideId "21861072"]
[WhiteEloChange "9"]
[BlackElo "1001"]
[BlackCountry "POL"]
[BlackFideId "21861080"]
[BlackEloChange "-9"]

1. e4 {[%clk 1:30:59]} e5 {[%clk 1:30:52]} 2. Nf3 {[%clk 1:31:26]} Nc6 {[%clk
1:31:14]} 3. Bc4 {[%clk 1:31:53]} Nf6 {[%clk 1:31:18]} 4. d3 {[%clk 1:32:00]} Bc5
{[%clk 1:30:33]} 5. c3 {[%clk 1:32:10]} O-O {[%clk 1:30:45]} 6. O-O {[%clk
1:32:30]} d6 {[%clk 1:30:51]} 7. Bg5 {[%clk 1:32:39]} h6 {[%clk 1:29:31]} 8. Bh4
{[%clk 1:32:46]} Bg4 {[%clk 1:29:44]} 9. Nbd2 {[%clk 1:32:55]} Nb8 {[%clk
1:29:25]} 10. Re1 {[%clk 1:32:04]} Nbd7 {[%clk 1:29:03]} 11. h3 {[%clk 1:30:59]}
Bh5 {[%clk 1:29:23]} 12. Nf1 {[%clk 1:30:10]} Kh8 {[%clk 1:27:57]} 13. b4 {[%clk
1:27:47]} Bb6 {[%clk 1:27:39]} 14. Ne3 {[%clk 1:25:35]} Re8 {[%clk 1:23:28]} 15.
Nd5 {[%clk 1:25:16]} c6 {[%clk 1:22:25]} 16. Nxf6 {[%clk 1:25:20]} Nxf6 {[%clk
1:21:18]} 17. a3 {[%clk 1:24:29]} d5 {[%clk 1:21:24]} 18. Bb3 {[%clk 1:23:28]}
Qd6 {[%clk 1:19:16]} 19. a4 {[%clk 1:22:39]} a6 {[%clk 1:12:51]} 20. Bg3 {[%clk
1:22:52]} d4 {[%clk 1:06:51]} 21. a5 {[%clk 1:22:57]} Ba7 {[%clk 1:06:53]} 22.
Rc1 {[%clk 1:20:53]} Rad8 {[%clk 1:04:49]} 23. Qe2 {[%clk 1:18:07]} Rd7 {[%clk
1:01:27]} 24. Bh2 {[%clk 1:16:43]} dxc3 {[%clk 0:58:57]} 25. g4 {[%clk 1:16:10]}
Nxg4 {[%clk 0:57:59]} 26. hxg4 {[%clk 1:14:54]} Bxg4 {[%clk 0:58:21]} 27. Kh1
{[%clk 1:14:59]} Qf6 {[%clk 0:54:03]} 28. Bd1 {[%clk 1:14:59]} Red8 {[%clk
0:47:25]} 29. Rg1 {[%clk 1:14:02]} h5 {[%clk 0:46:43]} 30. Rxc3 {[%clk 1:13:19]}
Bd4 {[%clk 0:46:16]} 31. Rb3 {[%clk 1:12:50]} Ba7 {[%clk 0:44:56]} 32. Ra3 {[%clk
1:08:30]} c5 {[%clk 0:36:40]} 33. bxc5 {[%clk 1:06:23]} Bxc5 {[%clk 0:36:59]} 34.
Rb3 {[%clk 1:05:37]} b6 {[%clk 0:36:53]} 35. axb6 {[%clk 1:05:04]} Bxb6 {[%clk
0:37:10]} 36. Rg3 {[%clk 1:04:46]} Rc7 {[%clk 0:33:33]} 37. Qd2 {[%clk 1:03:34]}
Rdc8 {[%clk 0:31:00]} 38. Rb1 {[%clk 1:03:19]} a5 {[%clk 0:29:34]} 39. Bg1 {[%clk
0:58:48]} a4 {[%clk 0:28:35]} 40. Ra1 {[%clk 0:58:21]} Ra7 {[%clk 0:27:08]} 41.
Nh2 {[%clk 0:56:20]} Bxd1 {[%clk 0:26:29]} 42. Rxd1 {[%clk 0:56:17]} a3 {[%clk
0:26:26]} 43. Ra1 {[%clk 0:56:28]} Rca8 {[%clk 0:26:31]} 44. f3 {[%clk 0:55:21]}
Bd4 {[%clk 0:25:21]} 45. Bxd4 {[%clk 0:54:52]} exd4 {[%clk 0:22:41]} 46. Rh3
{[%clk 0:54:46]} Qg6 {[%clk 0:21:28]} 47. Ng4 {[%clk 0:53:40]} Kg8 {[%clk
0:20:50]} 48. Qh2 {[%clk 0:53:10]} Ra5 {[%clk 0:20:56]} 49. f4 {[%clk 0:52:51]}
Qxg4 {[%clk 0:20:34]} 50. Rg1 {[%clk 0:52:28]} Qd7 {[%clk 0:19:28]} 51. Rxh5
{[%clk 0:51:41]} Kf8 {[%clk 0:19:46]} 52. Rh8+ {[%clk 0:51:12]} Ke7 {[%clk
0:20:07]} 53. Qh4+ {[%clk 0:51:08]} Ke6 {[%clk 0:20:09]} 54. f5+ {[%clk 0:50:56]}
Kd6 {[%clk 0:20:01]} 55. Qf4+ {[%clk 0:50:45]} Re5 {[%clk 0:19:53]} 56. Rxa8
{[%clk 0:50:57]} a2 {[%clk 0:19:18]} 57. Ra6+ {[%clk 0:50:30]} Kc5 {[%clk
0:19:24]} 58. Qxe5+ {[%clk 0:50:42]} Kb4 {[%clk 0:19:45]} 59. Rxa2 {[%clk
0:50:07]} f6 {[%clk 0:19:58]} 60. Rb1+ {[%clk 0:50:12]} 1-0

[Event "Girls U12 Polish Youth Championship"]
[Site "chess24.com"]
[Date "2018.05.02"]
[Round "5"]
[White "Starosta, Martyna"]
[Black "Pawicka, Magdalena"]
[Result "1/2-1/2"]
[Board "1"]
[WhiteElo "1607"]
[WhiteTitle "WCM"]
[WhiteCountry "POL"]
[WhiteFideId "21818754"]
[WhiteEloChange "5"]
[BlackElo "1789"]
[BlackCountry "POL"]
[BlackFideId "21836507"]
[BlackEloChange "-5"]

1. e4 {[%clk 1:30:57]} e5 {[%clk 1:30:51]} 2. Nf3 {[%clk 1:31:19]} Nc6 {[%clk
1:31:13]} 3. Bb5 {[%clk 1:31:42]} a6 {[%clk 1:31:25]} 4. Ba4 {[%clk 1:32:05]} d6
{[%clk 1:31:37]} 5. d4 {[%clk 1:31:17]} b5 {[%clk 1:31:45]} 6. Bb3 {[%clk
1:28:03]} Nxd4 {[%clk 1:31:09]} 7. Nxd4 {[%clk 1:27:30]} exd4 {[%clk 1:31:29]} 8.
Bd5 {[%clk 1:26:41]} Rb8 {[%clk 1:31:31]} 9. Qxd4 {[%clk 1:25:57]} Nf6 {[%clk
1:30:19]} 10. O-O {[%clk 1:20:50]} Be7 {[%clk 1:25:52]} 11. Bc6+ {[%clk 1:15:03]}
Bd7 {[%clk 1:25:36]} 12. Bxd7+ {[%clk 1:14:52]} Qxd7 {[%clk 1:25:28]} 13. Bf4
{[%clk 1:12:57]} O-O {[%clk 1:24:21]} 14. Nd2 {[%clk 1:10:27]} Rbd8 {[%clk
1:08:00]} 15. Rad1 {[%clk 1:09:40]} c5 {[%clk 1:06:09]} 16. Qe3 {[%clk 1:07:31]}
Qc6 {[%clk 1:04:44]} 17. Rfe1 {[%clk 1:06:39]} d5 {[%clk 0:57:20]} 18. exd5
{[%clk 1:06:10]} Nxd5 {[%clk 0:57:32]} 19. Qf3 {[%clk 1:05:47]} Qf6 {[%clk
0:55:43]} 20. Be5 {[%clk 1:04:33]} Qxf3 {[%clk 0:53:45]} 21. Nxf3 {[%clk
1:04:50]} Bf6 {[%clk 0:51:37]} 22. h3 {[%clk 1:03:46]} Rfe8 {[%clk 0:45:58]} 23.
c3 {[%clk 1:02:17]} Kf8 {[%clk 0:41:53]} 24. Kf1 {[%clk 0:59:36]} h6 {[%clk
0:38:24]} 25. Bxf6 {[%clk 0:59:18]} Nxf6 {[%clk 0:38:05]} 26. Rxd8 {[%clk
0:59:28]} Rxd8 {[%clk 0:38:12]} 27. Re5 {[%clk 0:58:46]} Rd5 {[%clk 0:35:23]} 28.
Ke2 {[%clk 0:57:52]} Rxe5+ {[%clk 0:34:01]} 29. Nxe5 {[%clk 0:58:17]} Ke7 {[%clk
0:34:00]} 30. Nc6+ {[%clk 0:53:37]} Kd6 {[%clk 0:33:33]} 31. Nd8 {[%clk 0:52:44]}
Ke7 {[%clk 0:31:06]} 32. Nc6+ {[%clk 0:51:57]} Kd6 {[%clk 0:31:03]} 33. Nd8
{[%clk 0:51:58]} Ke7 {[%clk 0:31:14]} 34. Nc6+ {[%clk 0:50:33]} 1/2-1/2